000 00743nam a2200241 i 4500
001 49977
003 ES-MaACL
005 20260209164528.0
007 t|
008 151020s2011 sp ||||1| spa d
020 _a978-84-08-47131-8
080 _a913(6)
100 1 _aRodríguez, Chema,
_d1967-
_9157945
245 1 0 _aColores de África /
_cChema Rodríguez, [textos].
260 _a[Barcelona] :
_bPlaneta,
_cD.L. 2011.
300 _a295 p. :
_bprincipalmente il. col. ;
_c32 cm.
490 1 _aRutas del mundo ;
_v6
651 4 _aÁfrica-
_xDescripción
_97593
830 0 _aRutas del mundo ;
_v6
_9185720
852 _aES-MaACL
_jA-13439
_9 51882
_bR.150454
_cDEPO1
_dOlim: N-6439
942 _2udc
999 _c49977
_d49977